| 000 | 00542nam a22001937a 4500 | ||
|---|---|---|---|
| 003 | KOHA_MİRAKIL | ||
| 005 | 20240930101033.0 | ||
| 008 | 240929b2023 tu ||||| |||| 00| 0 tur d | ||
| 020 | _a9789750514418 | ||
| 040 |
_aTR-AnABB _btur _cTR-AnABB |
||
| 041 | _atur | ||
| 082 |
_a828.3352 _bLON 2023 |
||
| 100 |
_aLondon, Jack, _d1876-1916. |
||
| 245 | 0 |
_aUçurum insanları / _cJack London. |
|
| 260 |
_aİstanbul : _bİletişim Yayınları, _c2023. |
||
| 300 |
_a198 sayfa ; _c20 cm. |
||
| 650 | _aAmerikan edebiyatı, roman | ||
| 942 |
_2ddc _cBK |
||
| 999 |
_c3003 _d3003 |
||